| 000 | 00696nam a22002177a 4500 | ||
|---|---|---|---|
| 999 |
_c10371 _d10371 |
||
| 003 | AR-CdUCM | ||
| 008 | 190401b ||||| |||| 00| 0 spa d | ||
| 040 |
_aMUNICIPALIDAD PROVINCIAL DEL CUSCO _cBIBLIOTECA MUNICIPAL DEL CUSCO |
||
| 082 |
_25ed. _aES / 800 / _bC91 |
||
| 100 |
_aCroce, Della _927177 |
||
| 245 | _aBertoldo, Bertoldino y Cacaceno / | ||
| 260 |
_aBarcelona : _bAraluce ; _c1957. |
||
| 300 |
_a119 páginas ; _c15cm _bIlustraciones |
||
| 440 |
_aColección Araluce _n58 _927178 |
||
| 505 | _aContenido: Novela | ||
| 650 |
_aNovela _9572 |
||
| 650 |
_aLiteratura juvenil _91580 |
||
| 700 |
_aBaeza, José (relatado a los niños) _927179 |
||
| 942 |
_2ddc _cLIBROS |
||
| 945 | _anom | ||